| 000 | 00950 a2200217 4500 | ||
|---|---|---|---|
| 003 | Nust | ||
| 005 | 20220818085343.0 | ||
| 010 | _a 90031578 | ||
| 020 | _a0201095890 | ||
| 040 | _cNust | ||
| 082 | 0 | 0 | _a621.3822,JAC |
| 100 | 1 |
_aJackson, Leland B. _979202 |
|
| 245 | 1 | 0 |
_aSignals, systems, and transforms / _cLeland B. Jackson. |
| 260 |
_aReading, Mass. : _bAddison-Wesley, _cc1991. |
||
| 300 |
_axiii, 482 p. : _bill. ; _c24 cm. |
||
| 440 | 0 |
_aAddison-Wesley series in electrical engineering _996383 |
|
| 505 | _aOverview of Signals and Systems (Page-1), Continuous-Time and Discrete-Time Signals (Page-9), Linear Time-Invariant Systems (Page-59), Fourier Analysis for Continuous-Time Signals (Page-137), The Laplace Transform (Page-209), The z Transform (Page-285), Fourier Analysis for Discrete-Time Signals (Page-371), State Variables (Page-435), | ||
| 650 | 0 | _aSignal processing. | |
| 650 | 0 |
_aSystem analysis. _92233 |
|
| 942 |
_cREF _2ddc |
||
| 999 |
_c175779 _d175779 |
||